SPECTRUM OF RESITIENCE : UNRAVELLING THE THREADS OF ONCOLOGY (Record no. 33384)

MARC details
000 -LEADER
fixed length control field 00454nam a22001697a 4500
003 - CONTROL NUMBER IDENTIFIER
control field SGT
020 ## - INTERNATIONAL STANDARD BOOK NUMBER
International Standard Book Number 9788119613748
082 ## - DEWEY DECIMAL CLASSIFICATION NUMBER
Classification number 616.992
Item number S24C
100 ## - MAIN ENTRY--PERSONAL NAME
Personal name CHHONKER, KARTIK
245 ## - TITLE STATEMENT
Title SPECTRUM OF RESITIENCE : UNRAVELLING THE THREADS OF ONCOLOGY
250 ## - EDITION STATEMENT
Edition statement 1ST
260 ## - PUBLICATION, DISTRIBUTION, ETC. (IMPRINT)
Place of publication, distribution, etc INDIA
Name of publisher, distributor, etc INNOVATIVE PUB
Year of Publication 2024
300 ## - PAGE DESCRIPTION
No. of Pages 269
650 ## - SUBJECT ADDED ENTRY--TOPICAL TERM
Topical term or geographic name as entry element ONCOLOGY
653 ## - KEYWORDS--INDEX TERM
Keyword term SPECTRUM OF RESITIENCE : UNRAVELLING THE THREADS OF ONCOLOGY
942 ## - ADDED ENTRY ELEMENTS (KOHA)
Source of classification or shelving scheme Dewey Decimal Classification
Koha item type Books
Holdings
Withdrawn status Lost status Source of classification or shelving scheme Damaged status Not for loan Collection code Home library Current library Shelving location Date acquired Vendor Name Cost, normal purchase price SGTU Bill Number Full call number Accession No. (Barcode) Date last seen Bill Date Koha item type Total Checkouts
    Dewey Decimal Classification   Not For Loan MEDICAL SGT Medical Library SGT Medical Library Text Book 29/11/2025 ABC DELHI 795.00 SGTU 22053 616.992 S24C FM15744 20/01/2026 29/11/2025 Books  
    Dewey Decimal Classification     MEDICAL SGT Medical Library SGT Medical Library Text Book 29/11/2025 ABC DELHI 795.00 SGTU 22053 616.992 S24C FM15745 20/01/2026 29/11/2025 Books